Omosapiens /

محفوظ في:
التفاصيل البيبلوغرافية
المؤلف الرئيسي: Rizzo, Domenico, (1968- ) (مؤلف)
التنسيق: كتاب
اللغة:الإيطالية
منشور في: Roma : Carocci, 2006
سلاسل:Omosapiens
الوسوم: إضافة وسم
لا توجد وسوم, كن أول من يضع وسما على هذه التسجيلة!

MARC

LEADER 00000nam a22000007i 4500
001 IT\ICCU\IEI\0254448
003 ItRI
005 20260115231911.0
008 061122s2006 it |||||| ||||| |||||c
020 |a 8843039377 
040 |b ita  |c importazione bologna sebina 
041 7 |a ita  |2 ISO-639-2 
130 0 |a Omosapiens  |3 IT\ICCU\RL1\0082331 
245 0 0 |a Omosapiens /  |c a cura di Domenico Rizzo. 
260 |a Roma :  |b Carocci,  |c 2006 
300 |a XV, 271 p. ;  |c 24 cm 
500 |a Sulla cop.: Studi e ricerche sugli orientamenti sessuali 
700 1 |a Rizzo, Domenico,  |d  (1968- )  |0 IT\ICCU\IEIV\105533  |4 aut 
830 0 |a Omosapiens  |0 IT\ICCU\IEI\0254449 
942 |2 ddc  |c BK  |n 0 
952 |0 0  |1 0  |4 0  |6 DOC_306_766000000000000_RIZ  |7 0  |9 15874  |a BO  |b BO  |d 2026-01-15  |i 11981  |l 0  |o DOC 306.766 RIZ  |p BO11981  |r 2026-01-15 23:19:11  |w 2026-01-15  |x [Sebina 5] [1 v. (3. copia)]  |y BK  |z 1 v, 
952 |0 0  |1 0  |4 0  |6 DOC_306_766000000000000_RIZ  |7 0  |9 15875  |a BO  |b BO  |d 2026-01-15  |i 11741  |l 0  |o DOC 306.766 RIZ  |p BO11741  |r 2026-01-15 23:19:11  |w 2026-01-15  |x [Sebina 5] [1 v.]  |y BK  |z 1 v. 
952 |0 0  |1 0  |4 0  |6 DOC_306_766000000000000_RIZ  |7 0  |9 15876  |a BO  |b BO  |d 2026-01-15  |i 11180  |l 0  |o DOC 306.766 RIZ  |p BO11180  |r 2026-01-15 23:19:11  |w 2026-01-15  |x [Sebina 5] [1 v.]  |y BK  |z 1 v. 
999 |c 13648  |d 13648